Angličtina. Nemčina. Francúzština. Španielčina. Taliančina najrýchlejšou metódou na PC

Salvato in:
Dettagli Bibliografici
Natura: Libro
Lingua:slovacco
Pubblicazione: Praha TOP-HIT 1994
Edizione:1. vyd.
Tags: Aggiungi Tag
Nessun Tag, puoi essere il primo ad aggiungerne!!

MARC

LEADER 00000nam a2200000 4500
001 c006354
005 20240201130019.9
041 0 |a slo 
044 |a CZ 
245 1 0 |a Angličtina. Nemčina. Francúzština. Španielčina. Taliančina  |b najrýchlejšou metódou na PC 
250 |a 1. vyd. 
264 1 |a Praha  |b TOP-HIT  |c 1994 
300 |a 17 s.  |e 1 samostat. príl.